000 00716nam a2200229 i 4500
001 104896
003 ES-MaACL
005 20250808063150.0
007 t|
008 060523s1943 fr ||||1| fre d
080 _a94(44)
100 1 _aFunck-Brentano, Frantz (
_d1862-1947)
_953022
245 1 4 _aLes origines /
_cpar Fr. Funck-Brentano.
260 _a[Paris] :
_bHachette,
_c[1943]
300 _a399 p. ;
_c21 cm.
490 1 _aL'Histoire de France racontée áa tous
500 _aBiblioteca Jacinto Martínez Lacalle.
651 4 _aFrancia-
_xHistoria
_98679
830 0 _aL'Histoire de France racontée áa tous
_9184861
852 _aES-MaACL
_jE-11223
_bR.138914
999 _c104896
_d104896